| 000 | 00864cpcaa22002537a 4500 | ||
|---|---|---|---|
| 001 | mm 80002123 | ||
| 003 | DLC | ||
| 005 | 20260227111659.0 | ||
| 008 | 800121|||||||||||| eng | ||
| 010 | _amm 80002123 | ||
| 040 |
_aDLC _cDLC _edacs _dDLC |
||
| 072 | 7 |
_aL _2lcmd |
|
| 100 | 1 |
_aWelling, James C. _q(James Clarke), _d1825-1894. |
|
| 245 | 0 | 0 |
_aJames C. Welling correspondence, _f1866 May 7. |
| 300 |
_a1 _fitem. |
||
| 506 | 0 | _aOpen to research. | |
| 545 | 0 | _aCollege president, educator, and editor. | |
| 546 | _aCollection material in English. | ||
| 580 | _aForms part of: Miscellaneous Manuscripts collection. | ||
| 656 | 7 |
_aCollege presidents. _2itoamc |
|
| 656 | 7 |
_aEditors. _2itoamc |
|
| 656 | 7 |
_aEducators. _2itoamc |
|
| 999 |
_c42488 _d42488 |
||